1778 1424 1404 1919 1886 1994 1565 1485 1286 1201 1196 1504 1561 1218 1360 1483 1886 1968 1150 1631 1430 1126 1755 1872 1578 1093 1577 1643 1502 1075 1183 1001 1465 1359 1855 1651 1614 1278 1387 1411 1222 1740 1102 1937 1243 1467 1570 1495 1437 1651 1843 1576 1077 1826 1004 1431 1741 1025 1553 1447 1975 1221 1383 1579 1570 1111 1531 1870 1541 1073 1931 1772 1674 1514 1760 1022 1876 1278 1961 1078 1087 1944 1877 1226 1508 1964 1803 1110 1533 1703 1586 1027 1970 1720 1164 1461 1988 1870 1217 BCNSPRNW ULIB Ver.6.0+V

เปลี่ยนเป็นภาษาไทย

Change to English
 แสดงรายละเอียดบรรณานุกรม
  กลับหน้าหลัก

Brief Record : Get Marc (ISO 2709) : E-mail record : QR code < ปิดหน้าต่าง
LEADER : 00000nam 2200000uu 4500
001    13399127099
003     ULIB
008    020711s2562 th a 000 0 tha d
020    ^a9786160444502
060    ^aWS103^bS-ต
100    ^aSEUNGHYUN YANG
245    ^aตามหามหาสมบัติ ชุดนิทานวิทยาศาสตร์พัฒนาทักษะสมอง EF (เรียนรู้เรื่องยานพาหนะและการเดินทาง)
250    ^aพิมพ์ครั้งที่ 1
260    ^aกรุงเทพฯ :^bนานมีบุ๊คส์คิดดี้,^c2562
300    ^a27 หน้า;^b21 ซม.
650    ^aเด็ก^xการเรียนการสอน
945    ^p98^l0^i006287
999    ^aประนอม เกษจรัล
รายการนี้ยังไม่มีแท็ก
คุณยังไม่ได้ล็อกอิน คุณสามารถมีกิจกรรมร่วมกับเว็บไซต์ได้ แต่ต้องล็อกอินก่อน ::
  ล็อกอิน

รายการสื่อสารสนเทศ

ลำดับที่ ประเภท เลขเรียก/บาร์โค้ด สถานที่ สถานะ
1. วิทยาศาสตร์การแพทย์ และสุขภาพ
วิทยาศาสตร์การแพทย์ และสุขภาพ
WS103 S-ต ฉ.1 
  Barcode: 006287
ห้องสมุดวิทยาเขตสวรรค์ประชารักษ์
►หนังสือทั่วไป
บนชั้น

รายการใกล้เคียง
    ผู้แต่ง [SEUNGHYUN YANG]

BibComment


ยังไม่เคยถูกคอมเมนท์

คอมเมนท์ทรัพยากรรายการนี้
  คอมเมนท์: ตามหามหาสมบัติ ช..


 Copyright 2026. Bcnsprnw @Library